| 000 | 00954nam a2200241 a 4500 | ||
|---|---|---|---|
| 001 | BRCA_8980 | ||
| 005 | 20190320210500.0 | ||
| 008 | 100717s1723----sp-#######---#000-0#spa-# | ||
| 041 | _aspa | ||
| 044 | _asp | ||
| 084 |
_aCO76 _b.S44 1723 |
||
| 100 | 1 |
_aSeñeri, Pablo _d1624 - 1694 _921265 |
|
| 245 | 1 | 0 |
_aEl incrédulo sin escusa _cobra del Rmo. Padre Pablo Señeri, de la compañía de Jesús...; traducida de la lengua toscana à la castellana por Don Juan de Espinola Baeza, Echaburu; parte segunda. |
| 260 |
_aBarcelona _bEn la imprenta de Maria Marti viuda _c1723 |
||
| 300 |
_a342 p. (t.2) _c21.2 x 16.5 cm |
||
| 500 | _aCon licencia | ||
| 500 | _aEn portada: A sus costas, y de Iuan Piferrer | ||
| 500 | _aEstado físico: presenta encuadernación en pergamino con cintas rotas | ||
| 650 | 1 | 4 |
_aIglesia católica _yObras anteriores a 1800 _922294 |
| 700 | 1 |
_aEspinola Baeza Echaburu, Juan de _etr. _922295 |
|
| 902 | _aCFM | ||
| 942 |
_2lcc _cB |
||
| 999 |
_c8631 _d8631 |
||